000 00935nmm a2200289 a 4500
001 ocm0002015695
003 TR-IsHL
005 20201028180353.0
008 181208s2011 tu tur
007 cr cn
020 _a9786055675240
035 _a2015695
_b(N$T)
050 0 4 _aPL248.T3645
_bS56 2011
090 0 4 _aPL248.T3645
_bS56 2011
100 1 _aTan, Turhan
245 1 0 _aKaranlıkta yanan gözler: Safiye Sultan
_h[electronic resource] /
_cTurhan Tan ; editör Nilgün Firidinoğlu
250 _a1. Baskı
260 _aİstanbul :
_bMaya Kitap,
_c2011
300 _a362 p.
650 4 _aDil ve Edebiyat
650 4 _aLanguage and Literature
650 0 _aTürk romanı
650 0 _aTurkish fiction
650 7 _aLITERARY COLLECTIONS / Middle Eastern
_2bisacsh
700 1 _aFiridinoğlu, Nilgün
856 4 0 _uhttp://search.ebscohost.com/login.aspx?direct=true&scope=site&db=e011xww&AN=2015695
999 _c19108
_d19108